000 01179naa a22003377a 4500
001 BR9401352
003 BR-BrBNA
005 20240918180916.0
007 ta
008 230509b bl.||||| |||| 00| 0 por d
040 _aBR-BrBNA
_bpor
_cBiblioteca Nacional de Agricultura
041 _a(Pt)
072 _aJ11; N10
_b2110
090 _aJ11 BR9401352
100 1 _aSerodio, R. dos S.
100 1 _aPrado, E.P. do
100 1 _aAbreu, J.M. de
100 1 _aCampelo, A.M.F.L.
111 1 _a11. Congresso Brasileiro de Engenharia Agricola
_cBrasilia, DF (Brazil)
_d1981
245 1 _aClassificacao fitossanitaria de armazens convencionais para cacau comercial
260 3 _aCampinas, SP (Brasil):
_c1981.
500 _aAnais do 11. Congresso Brasileiro de Engenharia Agricola Campinas, SP (Brasil): 1981. v. 1 p. 157-169 (BR9401352-AM)J11
650 _aCacau
650 _aArmazem
650 _aInspecao Sanitaria
650 _aHigiene
650 _aProfilaxia
773 0 _tAnais do 11. Congresso Brasileiro de Engenharia Agricola
_wJ11 BR9401352
_gCampinas, SP (Brasil), 1981. v. 1 p. 157-169
909 _a202404
_bLucia
_c55
_dLucia Elande
942 _cAM
_2AGRIS
999 _c322607
_d322607